000 00715cam a2200265 4500500
005 20260405002006.0
041 _afre
042 _adc
100 1 0 _aPersonne, Thomas
_eauthor
245 0 0 _aLes ordonnances des philosophes
260 _c2015.
500 _a90
690 _aÂme
690 _aCanguilhem
690 _aCorps
690 _aDescartes
690 _aJean-Claude Fondras
690 _aLaozi
690 _aMédecine
690 _aNietzsche
690 _aSanté
690 _aSénèque
786 0 _nPhilosophie magazine | 90 | 6 | 2015-06-01 | p. 28-29 | 1951-1787
856 4 1 _uhttps://shs.cairn.info/magazine-philosophie-magazine-2015-6-page-28?lang=fr&redirect-ssocas=7080
999 _c2053083
_d2053083